000 01006nas a2200325 4500
001 BR0502522
003 BR-BrBNA
005 20231205105342.0
007 ta
008 230509b bl.|||p| |||| 00| 00por d
040 _aBR-BrBNA
_bpor
_cBiblioteca Nacional de Agricultura
041 _a(Pt)
072 _aQ02
100 1 _aMacedo, E.A.S.
100 1 _aMendes, A.D.R.
100 1 _aQueiróz, J.M.R.
100 1 _aMartins, E.R.
245 1 _aInfluência da época de colheita, procedimento de secagem e parte do fruto no teor de flavonóides em fava d'anta (Dimorphandra mollis Benth.)
650 _aFAVEIRA
650 _aFLAVONÓIDE
650 _aPLANTA MEDICINAL
650 _aFRUTA
650 _aÉPOCA DE COLHEITA
650 _aSECAGEM
650 _aRENDIMENTO
650 _aPROCESSAMENTO
773 0 _tRevista Brasileira de Plantas Medicinais (Brazil)
_xISSN 1516-0572
_g(Oct 2004), v. 7(1) p. 1-5
_wBR0502522
909 _a202311
_bLúcia
_c55
_dLúcia Elande
942 _2AGRIS
_n0
_cANA
999 _c182512
_d182512